Administration. NVQ level 2, Student handbook (Record no. 4577)
[ view plain ]
| 000 -LEADER | |
|---|---|
| fixed length control field | 01080nhm a2200157za 4500 |
| 020 ## - INTERNATIONAL STANDARD BOOK NUMBER | |
| ISBN | 0435451308 |
| 050 ## - CALL NUMBER | |
| Classification number | HF5547 |
| 100 ## - AUTHOR | |
| Personal name | Carysforth, Carol |
| 245 ## - TITLE | |
| Title | Administration. NVQ level 2, Student handbook |
| 260 ## - PUBLICATION INFORMATION | |
| Place of publication | Johannesburg |
| Name of publisher | Heinemann |
| Year of publication | 1994 |
| 300 ## - DESCRIPTION | |
| Number of Pages | ix, 469 pages ; |
| Dimensions | 24 cm |
| 500 ## - NOTES | |
| General note | Includes index |
| 505 ## - FORMATTED CONTENTS NOTE | |
| Table of Content | Chapter 1. Develop self to improve performance; <br/>Chapter 2. Monitor and maintain a healthy, safe and secure workplace; <br/>Chapter 3. Contribute to the effectiveness of the work flow; Chapter 4. Create and maintain effective working relationships; Chapter 5. Store, retrieve and supply information; <br/>Chapter 6. Maintain data in a computer system; <br/>Chapter 7. prepare documents; <br/>Chapter 8. Receive and transmit information; <br/>Chapter 9. Maintain and issue stock items; <br/>Chapter 10. Process documents relating to goods and services; Chapter 11. Organize travel and accommodation arrangements; contribute to the arrangement of events.<br/>Chapter 12. Contribute to the arrangement of events<br/>Index |
| 650 ## - SUBJECTS | |
| Topical Term | Office practice |
| 942 ## - ADDED ENTRY ELEMENTS (KOHA) | |
| Koha item type | Books |
| Withdrawn status | Lost status | Collection code | Home library | Current library | Shelving location | Date acquired | Full call number | Accession Number | Koha item type |
|---|---|---|---|---|---|---|---|---|---|
| Reference | Methodist University Library Main | Methodist University Library Main | General Stacks | 09/12/1999 | HF5547 | 11837 | Books | ||
| Non-fiction | Methodist University Library Main | Methodist University Library Main | General Stacks | 09/12/1999 | HF5547 | 11836 | Books | ||
| Reference | Methodist University Library Main | Methodist University Library Main | General Stacks | 09/12/1999 | HF5547 | 11838 | Books |